Podróż po świecie -Quiz geopolityczny #4 - Statystyki

Ogólne statystyki
  • Ten quiz został rozwiązany 1 929 razy
    467 od ostatniego zresetowania
  • Średni wynik to 22 z 31
Statystyki odpowiedzi
Kierunek Kraj w Którym się Znajdujesz % Poprawnych
Południowy Zachód Czechy
99%
Południe Austria
95%
Południowy Zachód Hiszpania
92%
Zachód Francja
91%
Południowy Zachód Włochy
89%
Wschód Algieria
86%
Południe Maroko
86%
Wschód Czad
80%
Południowy Wschód Niger
79%
Południe Demokratyczna Republika Konga
73%
Południe Kongo
72%
Północ Etiopia
69%
Północny Wschód Kenia
69%
Północ Zambia
68%
Wschód Zimbabwe
68%
Południe Angola
67%
Zachód Kamerun
66%
Południe Republika Środkowoafrykańska
66%
Północ Tanzania
66%
Południe Gabon
65%
Wschód Oman
65%
Wschód Botswana
64%
Północ Erytrea
64%
Wschód Jemen
64%
Południe Namibia
64%
Południowy Zachód Gwinea Równikowa
63%
Północ Iran
61%
Północ Kazachstan
59%
Północ Uzbekistan
58%
Północny Wschód Turkmenistan
57%
Wschód Malawi
55%
Nie znaleziono quizów pasujących do podanych kryteriów
Rozkład punktacji
Procent ludzi z każdym wynikiem
Percentyl według liczby udzielonych odpowiedzi
Twoja historia wyników
Nie rozwiązałeś tego quizu od ostatniego zresetowania